Знаки Злодіяки (Запис № 17579)

000 -Маркер запису
Контрольне поле сталої довжини 01865nam a22002537a 4500
003 - Належність контрольного номера
Контрольне поле Uzh_bibl
008 - Кодовані дані
Контрольне поле сталої довжини 260430b |||||||| |||| 00| 0 ukr d
020 ## - Індекс ISBN
ISBN 5-333-00249-5
Ціна 1.30
040 ## - Джерело каталогіз.
Служба первин.кат. укр.
041 ## - Код мови видання
Код мови оригіналу українська
Код мови тексту українська
080 ## - Індекс УДК
Індекс УДК 821(477)
090 ## - Шифри
Поличний індекс 821(477)
Авторський знак Н 13
100 ## - Автор
Автор Назар, Микола
245 ## - Назва
Назва Знаки Злодіяки
Фізичний носій Текст
260 ## - Вихідні дані
Місце видання Київ
Видавництво Радянський письменник
Дата видання 1990
300 ## - Фізичний опис
Обсяг 410 с.
Тип одиниці В опр.
520 ## - Анотація
Анотація Назву книжці молодого українського радянського сатирика й гумориста дав пригодницько-політичний ро- ман «Знаки Злодіяки». В ньому автор гостро висміяв політиків-кар'єристів, котрі під різними масками прихо- вують свою егоїстичну споживацьку суть.<br/>До книжки увійшли повісті «Гонка без лідера» та «Погорілий фенікс», спрямовані проти неоміщанства й бездуховності, словоблудства й окозамилювання, про- центоманії й парадності.
521 ## - Примітка про цільове призначення
Примітка про цільове призначення Для широкого кола читачів
546 ## - Примітка про мову
Примітка про мову укр.
650 ## - Тематичні рубрики
Основна рубрика Літературно-художнє видання
Хронологічна підрубрика Переважно радянський період (узагальнене міське й суспільне середовище кінця ХХ ст.)
Географічна підрубрика Україна
653 ## - Ключові слова
Ключові слова Сатира
-- Пороки
-- Суспільство
-- Іронія
-- Викриття
655 ## - Термін індексування — жанр/форма
Жанр/форма Сатирична проза (повісті та романи)
Типове ділення Сатиричні повісті та романи
942 ## - ADDED ENTRY ELEMENTS (KOHA)
Джерело класифікації чи схема поличного розташування
Koha item type Книги
Фонди
Статус вилучення Статус втрати/відсутності Джерело класифікації чи схема поличного розташування Статус пошкодження Тип обігу (не для випозичання) Постійне розташування Поточне розташування Розташування у відділі Дата надходження Інвентарний номер Total Checkouts Повний (примірниковий) шифр зберігання Штрих-код Date last seen Дата, для якої чинна ціна заміни Тип одиниці (рівень примірника)
          Публічна бібліотека Публічна бібліотека Абонемент 30/04/2026 38660   821(477) 20336 30/04/2026 30/04/2026 Книги

Працює на АБІС Коха